[Event "Novi (MI Women/1/6)"]
[Site "?"]
[Date "1994.??.??"]
[Round "?"]
[White "McFolley, D."]
[Black "Raupp, Christine"]
[Result "0-1"]
[WhiteElo "1605"]
[BlackElo "1605"]
[PlyCount "22"]
[EventDate "1994.??.??"]

{1/(6)} 1. e4 e6 2. Nf3 d5 3. Bb5+ Bd7 4. d4 Bxb5 5. Ng5 c5 6. Nc3 Nc6 7. Nxb5
Qa5+ 8. Ke2 Qxb5+ 9. Kd2 Be7 10. dxc5 Bxg5+ 11. Kc3 Qc4# 0-1

[Event "Eastpointe (EDO/4/20)"]
[Site "?"]
[Date "1994.??.??"]
[Round "?"]
[White "McCarter, Robert"]
[Black "Wozniak, J."]
[Result "1/2-1/2"]
[WhiteElo "1700"]
[BlackElo "1605"]
[PlyCount "114"]
[EventDate "1994.??.??"]

{4/(20)} 1. d4 Nf6 2. Nf3 d5 3. Bf4 e6 4. e3 Bd6 5. Bg3 O-O 6. Nbd2 c5 7. c3
Nc6 8. Bd3 Re8 9. Ne5 Qc7 10. Ndf3 cxd4 11. exd4 Ne4 12. Qe2 Bxe5 13. Nxe5 f5
14. Qh5 Nf6 15. Qf3 Ne4 16. h4 Nxg3 17. Qxg3 Nxe5 18. Qxe5 Qxe5+ 19. dxe5 Bd7
20. f4 Kf7 21. h5 Rh8 22. Kf2 g6 23. Rh4 Rag8 24. hxg6+ hxg6 25. Rah1 Rxh4 26.
Rxh4 Kg7 27. Ke3 Bc6 28. g3 Kf7 29. Rh7+ Rg7 30. Rxg7+ Kxg7 31. Kd4 b6 32. Ba6
Bd7 33. Bb7 g5 34. c4 dxc4 35. Kxc4 gxf4 36. gxf4 Kf7 37. Ba6 Kg6 38. Kd4 Kf7
39. Be2 Kg7 40. b4 Bc6 41. Bd1 Kf8 42. a4 Kg7 43. Bb3 Bd7 44. a5 Kh6 45. Bd1
Kg7 46. Be2 Kg6 47. Bf3 Kh6 48. Kc4 Kg7 49. b5 Kh6 50. Bc6 Bc8 51. a6 Kh5 52.
Kd4 Kh4 53. Ke3 Kg3 54. Be8 Kg2 55. Bc6+ Kg3 56. Bf3 Bd7 57. Bc6 Bc8 1/2-1/2

[Event "Grand Rapids (MI Am/3/7)"]
[Site "?"]
[Date "1994.??.??"]
[Round "?"]
[White "McCarter, Robert"]
[Black "Williams, Ken"]
[Result "1/2-1/2"]
[WhiteElo "1700"]
[BlackElo "1860"]
[PlyCount "86"]
[EventDate "1994.??.??"]

{3/(7)} 1. d4 Nf6 2. Nf3 e6 3. Bf4 b6 4. e3 Bb7 5. Be2 Be7 6. h3 d6 7. O-O Nbd7
8. Nbd2 O-O 9. b4 Nd5 10. b5 Nxf4 11. exf4 Nf6 12. c4 a6 13. a4 axb5 14. cxb5
Nd5 15. Re1 Nxf4 16. Bc4 Qd7 17. Qc2 Ng6 18. Qb3 d5 19. Bd3 c5 20. bxc6 Bxc6
21. Bb5 Bxb5 22. axb5 Bd6 23. Ra6 Rxa6 24. bxa6 Qa7 25. Qb5 Ra8 26. Ra1 h6 27.
Nb3 Nf8 28. Ne1 Nd7 29. Nd3 Nb8 30. Qe8+ Kh7 31. Ne5 Bxe5 32. dxe5 Nxa6 33. Qa4
Qb7 34. Qb5 Nc7 35. Qd7 Rxa1+ 36. Nxa1 Kg6 37. Nc2 Qb8 38. Nd4 Qa8 39. Nc6 Qa1+
40. Kh2 Na8 41. g4 Qf1 42. Kg3 Qg1+ 43. Kf3 Qh1+ 1/2-1/2

[Event "Detroit (MCO/B/2a/5)"]
[Site "?"]
[Date "1994.??.??"]
[Round "?"]
[White "McCarter, Robert"]
[Black "Whitworth, M."]
[Result "1-0"]
[WhiteElo "1725"]
[BlackElo "1630"]
[PlyCount "93"]
[EventDate "1994.??.??"]

1. d4 d5 2. Nf3 Nf6 3. Bf4 c5 4. c3 e6 5. Nbd2 Nc6 6. e3 Be7 7. Bd3 O-O 8. h4
Bd6 9. Ne5 cxd4 10. exd4 Qc7 11. Ndf3 Nh5 12. Bxh7+ Kxh7 13. Ng5+ Kg8 14. Qxh5
Re8 15. Qh7+ Kf8 16. Qh8+ Ke7 17. Qxg7 Nxe5 18. Bxe5 Rf8 19. Qf6+ Ke8 20. Bxd6
Qxd6 21. h5 Qe7 22. Qxe7+ Kxe7 23. h6 Bd7 24. f4 Rh8 25. Nf3 Rag8 26. Kf2 Rg6
27. h7 Rg7 28. Rae1 Rgxh7 29. Rxh7 Rxh7 30. f5 a5 31. fxe6 fxe6 32. Ne5 Be8 33.
Re3 b5 34. a3 a4 35. Rh3 Rg7 36. g4 Rg8 37. Ke3 Rf8 38. Rh7+ Kd6 39. g5 Rf1 40.
g6 Rg1 41. g7 Rg3+ 42. Kf4 Rg2 43. Rh8 Rxg7 44. Rxe8 Rg2 45. Nd3 Kd7 46. Rb8
Kc6 47. Ne5+ 1-0

[Event "Detroit (MI Op/3/38)"]
[Site "?"]
[Date "1994.??.??"]
[Round "?"]
[White "McCarter, Robert"]
[Black "Steverson, Bunnard"]
[Result "1-0"]
[WhiteElo "1735"]
[BlackElo "1915"]
[PlyCount "49"]
[EventDate "1994.??.??"]

{3/(38)} 1. d4 Nf6 2. Nf3 g6 3. Bf4 d6 4. h3 Bg7 5. e3 a6 6. c4 c5 7. dxc5 Nh5
8. Qd2 Nxf4 9. exf4 O-O 10. cxd6 exd6 11. Be2 Re8 12. O-O Qf6 13. Nc3 Rd8 14.
Rad1 Be6 15. Nd5 Bxd5 16. Qxd5 Nc6 17. Qd2 Rd7 18. b3 Bh6 19. Ng5 Rad8 20. Bg4
Re7 21. Rfe1 Bg7 22. Rxe7 Qxe7 23. Re1 Qf8 24. Nxf7 Kxf7 25. Qd5+ 1-0

[Event "Eastpointe (US Am N/6/11)"]
[Site "?"]
[Date "1994.??.??"]
[Round "?"]
[White "McCarter, Robert"]
[Black "Skidmore, Mike"]
[Result "1-0"]
[WhiteElo "1700"]
[BlackElo "1900"]
[PlyCount "127"]
[EventDate "1994.??.??"]

{6/(11)} 1. d4 d5 2. Nf3 Nf6 3. Bf4 e6 4. e3 c5 5. c3 cxd4 6. cxd4 Bb4+ 7. Nbd2
O-O 8. Bd3 Qa5 9. O-O Nh5 10. Nb3 Qd8 11. Bg5 Nf6 12. Rc1 h6 13. Bxf6 Qxf6 14.
Bb1 Bd7 15. Qd3 g6 16. Nc5 Bxc5 17. Rxc5 a6 18. Rfc1 Bb5 19. Qc2 Nc6 20. a4 Bc4
21. b3 Nb4 22. Qd2 b6 23. R5xc4 dxc4 24. Qxb4 cxb3 25. Qxb3 Qe7 26. Ne5 Kg7 27.
Be4 Rab8 28. Nc6 Rbc8 29. Rc3 Qc7 30. g3 h5 31. Rc4 b5 32. axb5 axb5 33. Qxb5
Ra8 34. Qe5+ Qxe5 35. Nxe5 Ra1+ 36. Kg2 f5 37. Rc7+ Kh6 38. Bd3 Rd1 39. Bc4 Rc1
40. Re7 Kg5 41. h4+ Kf6 42. Rxe6+ Kg7 43. Rxg6+ Kh7 44. Rg5 f4 45. Bd3+ Kh6 46.
Rg6+ Kh7 47. Rc6+ Kh8 48. Ng6+ Kg7 49. Rxc1 f3+ 50. Kf1 Rb8 51. Ne5 Rb3 52. Be4
Kf6 53. Rc6+ Ke7 54. Bxf3 Kd8 55. Kg2 Rb1 56. Bxh5 Ke7 57. Bf7 Kd8 58. h5 Ke7
59. h6 Kf8 60. h7 Kg7 61. Rc8 Kf6 62. h8=Q+ Kf5 63. g4+ Ke4 64. Qh7# 1-0

[Event "Detroit (MCO/B/4/3)"]
[Site "?"]
[Date "1994.??.??"]
[Round "?"]
[White "McCarter, Robert"]
[Black "Schey, Danny"]
[Result "0-1"]
[WhiteElo "1725"]
[BlackElo "1705"]
[PlyCount "102"]
[EventDate "1994.??.??"]

{4/(3)} 1. d4 d6 2. Nf3 Nf6 3. Bf4 Nh5 4. Bg5 h6 5. Bh4 c5 6. c3 cxd4 7. cxd4
Qa5+ 8. Qd2 Qxd2+ 9. Nbxd2 Nc6 10. a3 e5 11. d5 Nb8 12. e4 g5 13. Bg3 f5 14.
exf5 Bxf5 15. Bb5+ Kd8 16. O-O Nxg3 17. fxg3 Bd7 18. Bxd7 Nxd7 19. Ne4 Be7 20.
Rac1 Rc8 21. Nfd2 Rxc1 22. Rxc1 Nf6 23. Nxf6 Bxf6 24. Rf1 Rf8 25. Ne4 Be7 26.
Rxf8+ Bxf8 27. g4 Kc7 28. Kf2 Be7 29. Ke3 Kb6 30. Kd3 Kb5 31. b3 a5 32. Nc3+
Kc5 33. Ne4+ Kxd5 34. b4 axb4 35. axb4 Ke6 36. b5 d5 37. Ng3 e4+ 38. Ke3 Bc5+
39. Ke2 Bd6 40. Nf5 Bxh2 41. Nxh6 Kf6 42. Ng8+ Ke5 43. Nh6 Kf4 44. Ng8 d4 45.
Nf6 d3+ 46. Kd2 Ke5 47. Nd7+ Kd4 48. Nf8 e3+ 49. Kd1 e2+ 50. Kd2 Bf4+ 51. Ke1
Bg3+ 0-1

[Event "Detroit (MI Op/5/17)"]
[Site "?"]
[Date "1994.??.??"]
[Round "?"]
[White "McCarter, Robert"]
[Black "Rajlich, Vasik"]
[Result "0-1"]
[WhiteElo "1735"]
[BlackElo "2100"]
[PlyCount "59"]
[EventDate "1994.??.??"]

{5/(17)} 1. d4 d5 2. Nf3 e6 3. Bf4 Nf6 4. e3 Be7 5. h3 O-O 6. Bd3 c5 7. c3 b6
8. Nbd2 Bb7 9. O-O Nc6 10. Ne5 Nxe5 11. Bxe5 Rc8 12. a4 Nd7 13. Bf4 Qe8 14. Nf3
f6 15. Qc2 Qh5 16. Be2 Qf7 17. Bd3 Kh8 18. a5 c4 19. Be2 b5 20. a6 Ba8 21. b4
Rce8 22. Ra5 Bc6 23. Ra3 e5 24. dxe5 fxe5 25. Bxe5 Bxb4 26. Bxg7+ Qxg7 27. cxb4
Ne5 28. Nxe5 Rxe5 29. Kh2 d4 30. exd4 0-1

[Event "Detroit (MCO/B/7/1)"]
[Site "?"]
[Date "1994.??.??"]
[Round "?"]
[White "McCarter, Robert"]
[Black "Pritchett, P."]
[Result "1-0"]
[WhiteElo "1725"]
[BlackElo "1690"]
[PlyCount "115"]
[EventDate "1994.??.??"]

{7/(1)} 1. d4 Nf6 2. Nf3 e6 3. Bf4 d5 4. e3 h6 5. Nbd2 Be7 6. h3 Nbd7 7. Bd3 b6
8. Qe2 O-O 9. Ne5 Nxe5 10. Bxe5 Bb7 11. Nf3 c5 12. c3 Nd7 13. Bg3 Bf6 14. O-O
Re8 15. dxc5 Nxc5 16. Bb5 Re7 17. Ne5 a6 18. Bc6 Bxe5 19. Bxb7 Nxb7 20. Bxe5 f6
21. Bg3 Rc8 22. Qxa6 Nc5 23. Qe2 Ra7 24. Rfd1 Qe7 25. f3 Na4 26. e4 Rxc3 27.
exd5 e5 28. b3 Nc5 29. Qb5 Qd6 30. Be1 Rc2 31. a4 Rb2 32. b4 Nb3 33. Rab1 Rxb1
34. Rxb1 Nd4 35. Qe8+ Kh7 36. a5 Qxd5 37. Qb8 Rb7 38. Qa8 Ne2+ 39. Kh2 Nf4 40.
Bg3 Rd7 41. Qxd5 Nxd5 42. a6 b5 43. Bf2 Ne7 44. Rc1 Rd8 45. a7 Ra8 46. Rc7 Nd5
47. Rb7 Nxb4 48. Rb8 Rxa7 49. Bxa7 Nc6 50. Rb7 Nxa7 51. Rxa7 Kg6 52. Rb7 h5 53.
Rxb5 Kf5 54. Rb4 g5 55. g4+ hxg4 56. hxg4+ Kg6 57. Kg3 f5 58. Rb6+ 1-0

[Event "Ann Arbor (MLS Jul-Aug)"]
[Site "?"]
[Date "1994.??.??"]
[Round "?"]
[White "McCarter, Robert"]
[Black "Pecot, Dave"]
[Result "1-0"]
[WhiteElo "1725"]
[BlackElo "1605"]
[PlyCount "63"]
[EventDate "1994.??.??"]

1. d4 d5 2. Nf3 Nf6 3. Bf4 e6 4. e3 c5 5. c3 Nc6 6. Nbd2 Be7 7. h3 O-O 8. Bd3
h6 9. O-O c4 10. Bc2 b5 11. Qe2 Rb8 12. Bxb8 b4 13. Bh2 Bd7 14. e4 bxc3 15.
bxc3 Qa5 16. Qe3 Rd8 17. Ne5 g5 18. Nxc6 Bxc6 19. Be5 Kg7 20. f4 Bd6 21. Bxf6+
Kxf6 22. e5+ Ke7 23. exd6+ Rxd6 24. fxg5 Rd8 25. gxh6 f6 26. a4 f5 27. Rae1 Bd7
28. Rxf5 Kd6 29. Qe5+ Kc6 30. Rf3 Qc7 31. h7 Qxe5 32. Rxe5 1-0

[Event "Detroit (Class B/1/1)"]
[Site "?"]
[Date "1994.??.??"]
[Round "?"]
[White "McCarter, Robert"]
[Black "Morrow, Chris"]
[Result "0-1"]
[WhiteElo "1700"]
[BlackElo "1795"]
[PlyCount "102"]
[EventDate "1994.??.??"]

{1/(1)} 1. d4 d5 2. Nf3 Bf5 3. Bf4 Nc6 4. e3 a6 5. c4 e6 6. Nc3 Bd6 7. Bg3 Bxg3
8. hxg3 Nf6 9. Nh4 Bg6 10. Nxg6 fxg6 11. Bd3 O-O 12. a3 Ne7 13. c5 c6 14. b4
Qc7 15. O-O Rf7 16. Qc2 Raf8 17. Be2 Nf5 18. Bf3 e5 19. dxe5 Qxe5 20. Ne2 g5
21. Qc3 Qxc3 22. Nxc3 g4 23. Be2 h5 24. Rad1 Re8 25. Bd3 g6 26. Ne2 Ne4 27. Bc2
Rfe7 28. Nd4 Nxd4 29. Rxd4 Kg7 30. Rfd1 Nc3 31. R1d2 Ne4 32. Bxe4 Rxe4 33. R2d3
Rxd4 34. Rxd4 Re4 35. Kf1 Rxd4 36. exd4 Kf6 37. Ke2 Kf5 38. Ke3 g5 39. a4 h4
40. gxh4 gxh4 41. f3 gxf3 42. Kxf3 Kg5 43. a5 Kf5 44. g4+ hxg3 45. Kxg3 Ke4 46.
Kg4 Kxd4 47. Kf5 Kc4 48. Ke6 d4 49. Kd6 Kxb4 50. Kc7 d3 51. Kxb7 Kb5 0-1

[Event "Ann Arbor (MLS Oct-Nov)"]
[Site "?"]
[Date "1994.??.??"]
[Round "?"]
[White "McCarter, Robert"]
[Black "Lindsey, P."]
[Result "1-0"]
[WhiteElo "1725"]
[BlackElo "1605"]
[PlyCount "87"]
[EventDate "1994.??.??"]

1. d4 Nf6 2. Nf3 g6 3. Bf4 Bg7 4. e3 O-O 5. Be2 d6 6. h3 Nbd7 7. Nbd2 c5 8. c3
a6 9. a4 Rb8 10. O-O Nd5 11. Bh2 Kh8 12. Qb3 Nc7 13. Ne4 cxd4 14. exd4 h6 15.
Bc4 f5 16. Ned2 Nf6 17. Bd3 g5 18. Qc2 g4 19. Nh4 gxh3 20. Ng6+ Kg8 21. Nxf8
hxg2 22. Rfe1 Qxf8 23. Bxf5 e6 24. Bh3 b5 25. Qg6 bxa4 26. Nc4 Nfe8 27. Re2 Rb5
28. f4 Kh8 29. Bxg2 Qg8 30. Kh1 Nd5 31. Bxd5 Rxd5 32. Nb6 Bb7 33. Nxd5 Bxd5+
34. Rg2 Nc7 35. Rag1 e5 36. fxe5 Ne6 37. exd6 Nf8 38. Qh5 Qe6 39. Be5 Bxe5 40.
Qxe5+ Qxe5 41. dxe5 Ng6 42. Kh2 Bxg2 43. Rxg2 Nxe5 44. Rd2 1-0

[Event "Ann Arbor (MLS Jul-Aug)"]
[Site "?"]
[Date "1994.??.??"]
[Round "?"]
[White "McCarter, Robert"]
[Black "Kung, Fred"]
[Result "1-0"]
[WhiteElo "1725"]
[BlackElo "1905"]
[PlyCount "117"]
[EventDate "1994.??.??"]

1. d4 d5 2. Nf3 Nf6 3. Bf4 c5 4. c3 Nbd7 5. e3 b6 6. Bb5 Bb7 7. Qa4 a6 8. Bd3
b5 9. Qd1 c4 10. Bc2 g6 11. Nbd2 Bg7 12. Ne5 Nxe5 13. Bxe5 O-O 14. O-O Rc8 15.
Qe2 Ne4 16. Bxg7 Kxg7 17. f3 Nxd2 18. Qxd2 Qd6 19. Rad1 a5 20. Qe2 e5 21. dxe5
Qxe5 22. Rd4 Rce8 23. Re1 Re7 24. Qd2 Rfe8 25. h4 f5 26. f4 Qf6 27. Qf2 Qb6 28.
Qg3 Kf7 29. h5 b4 30. hxg6+ hxg6 31. Ba4 Rh8 32. Qf2 Qf6 33. Kf1 Kf8 34. Ke2
bxc3 35. bxc3 Qb6 36. Kf3 Reh7 37. Rdd1 Qf6 38. Rc1 Qe6 39. Qd2 Qe4+ 40. Kf2
Rh2 41. Rg1 R8h3 42. Bd1 Qe7 43. Qd4 Qh4+ 44. Kf1 Rg3 45. Qc5+ Kg7 46. Qc7+ Kh6
47. Qe5 Qd8 48. Rb1 Bc8 49. Rb8 g5 50. fxg5+ Rxg5 51. Qxh2+ Kg6 52. Rh1 Kf6 53.
Qh6+ Ke5 54. Qh8+ Qxh8 55. Rxh8 Be6 56. Rhe8 Rg6 57. Ra8 Ke4 58. Bf3+ Kxe3 59.
Bxd5 1-0

[Event "Ann Arbor (HVA/4/6)"]
[Site "?"]
[Date "1994.??.??"]
[Round "?"]
[White "McCarter, Robert"]
[Black "Kane, Paul"]
[Result "1-0"]
[WhiteElo "1725"]
[BlackElo "1605"]
[PlyCount "49"]
[EventDate "1994.??.??"]

{4/(6)} 1. d4 d5 2. Nf3 Nf6 3. Bf4 c6 4. Nbd2 Bf5 5. c4 e6 6. e3 Be7 7. h3 Nbd7
8. Qb3 Qb6 9. c5 Qxb3 10. axb3 O-O 11. Nh4 Bg6 12. Nxg6 fxg6 13. Bd3 Nh5 14.
Bh2 Rf7 15. Nf3 Raf8 16. Rxa7 Rxf3 17. gxf3 Rxf3 18. Bd6 Bh4 19. Rf1 Rxe3+ 20.
Kd2 Rxh3 21. Rxb7 Bg5+ 22. f4 Rh2+ 23. Kc3 Nxc5 24. Rb8+ Kf7 25. Rf8# 1-0

[Event "Detroit (Class B/5/12)"]
[Site "?"]
[Date "1994.??.??"]
[Round "?"]
[White "McCarter, Robert"]
[Black "Jointer, William"]
[Result "1-0"]
[WhiteElo "1700"]
[BlackElo "1700"]
[PlyCount "141"]
[EventDate "1994.??.??"]

{5/(12)} 1. d4 Nf6 2. Nf3 b6 3. Bf4 Bb7 4. e3 e6 5. Be2 Be7 6. h3 O-O 7. O-O h6
8. Nbd2 d6 9. c4 Nh5 10. Bh2 f5 11. Ne1 Nf6 12. Nd3 g5 13. Bf3 c6 14. b4 a6 15.
a4 Rf7 16. g4 Nbd7 17. b5 axb5 18. cxb5 d5 19. Qc2 cxb5 20. axb5 Rc8 21. Qb3
Ne4 22. Bxe4 fxe4 23. Ne5 Nxe5 24. Bxe5 Bd6 25. Bg3 Rfc7 26. Nxe4 Bxg3 27. Nxg3
Rc3 28. Qd1 Qd6 29. Qd2 Rc2 30. Qd3 e5 31. dxe5 Qe6 32. Qf5 Qe8 33. Qf6 R8c7
34. Nf5 Qxb5 35. Ne7+ Rxe7 36. Qxe7 Qc6 37. Qd8+ Kf7 38. Qf6+ Qxf6 39. exf6
Kxf6 40. Rab1 Rc6 41. Rfd1 Ke6 42. Rb5 d4 43. exd4 Kd7 44. d5 Rd6 45. Rd4 Ba6
46. Rb2 Bb7 47. Rbd2 Ba6 48. f3 Bb7 49. Kf2 Ba6 50. Ke3 Bf1 51. Rh2 b5 52. h4
gxh4 53. Rxh4 Ra6 54. Ke4 Ra2 55. Rxh6 Re2+ 56. Kf5 Re3 57. f4 Bd3+ 58. Kf6 Kd6
59. g5 Kc5 60. Rxd3 Rxd3 61. g6 Rxd5 62. g7 Rd6+ 63. Kg5 Rd1 64. Rh8 Rg1+ 65.
Kf6 Rf1 66. f5 Rg1 67. g8=Q Rxg8 68. Rxg8 b4 69. Rg3 Kc4 70. Ke7 b3 71. Rxb3
1-0

[Event "Ann Arbor (MLS Jul-Aug)"]
[Site "?"]
[Date "1994.??.??"]
[Round "?"]
[White "McCarter, Robert"]
[Black "Jendras, Gerard"]
[Result "1-0"]
[WhiteElo "1725"]
[BlackElo "1855"]
[PlyCount "55"]
[EventDate "1994.??.??"]

1. d4 Nf6 2. Nf3 g6 3. Bf4 Bg7 4. e3 O-O 5. Be2 c5 6. c3 Qb6 7. Qb3 Qxb3 8.
axb3 b6 9. Nbd2 d6 10. h3 Bb7 11. O-O Nbd7 12. Ra2 Rfc8 13. Rfa1 a5 14. Bb5
cxd4 15. exd4 Nb8 16. b4 Bc6 17. Be2 Bd5 18. c4 Bxf3 19. Bxf3 Nc6 20. Bxc6 Rxc6
21. bxa5 bxa5 22. Rxa5 Rb8 23. Ra8 Rcc8 24. Rxb8 Rxb8 25. Rb1 Rb4 26. b3 Nd7
27. Nf3 Nb6 28. Bd2 1-0

[Event "Eastpointe (US Am N/4/10)"]
[Site "?"]
[Date "1994.??.??"]
[Round "?"]
[White "McCarter, Robert"]
[Black "Jarosz, Stan"]
[Result "0-1"]
[WhiteElo "1700"]
[BlackElo "2040"]
[PlyCount "50"]
[EventDate "1994.??.??"]

{4/(10)} 1. d4 d5 2. Nf3 Nf6 3. Bf4 c5 4. e3 cxd4 5. exd4 Nc6 6. c3 Bg4 7. h3
Bh5 8. Nbd2 e6 9. Qc2 Bd6 10. Ne5 O-O 11. Bh2 Qc7 12. f4 Nxd4 13. Qa4 Nc6 14.
Ndf3 Bxf3 15. Nxf3 Ne4 16. g3 Qb6 17. Qc2 Bc5 18. Bd3 g6 19. Rf1 Rac8 20. O-O-O
Nb4 21. Qa4 Nxd3+ 22. Rxd3 Be3+ 23. Rxe3 Qxe3+ 24. Kd1 Nxc3+ 25. bxc3 Rxc3 0-1

[Event "Eastpointe (EDO/2/23)"]
[Site "?"]
[Date "1994.??.??"]
[Round "?"]
[White "McCarter, Robert"]
[Black "Hartwig, Thomas"]
[Result "1-0"]
[WhiteElo "1700"]
[BlackElo "1605"]
[PlyCount "83"]
[EventDate "1994.??.??"]

{2/(23)} 1. d4 d5 2. Nf3 Nf6 3. Bf4 Bf5 4. e3 e6 5. Be2 c5 6. c3 c4 7. Nbd2 Nc6
8. Nh4 Nh5 9. Bg3 Nxg3 10. hxg3 Ne7 11. g4 Bg6 12. Nxg6 Nxg6 13. g3 Bd6 14. e4
O-O 15. e5 Be7 16. Qc2 h6 17. f4 Re8 18. f5 Nf8 19. Nf3 Nd7 20. O-O-O Qa5 21.
Kb1 b5 22. f6 Bxf6 23. exf6 Nxf6 24. g5 hxg5 25. Nxg5 b4 26. cxb4 Qxb4 27. Bf3
Rab8 28. Rh2 c3 29. Rdh1 Qxb2+ 30. Qxb2 Rxb2+ 31. Rxb2 cxb2 32. Kxb2 Rc8 33.
Rc1 Rb8+ 34. Ka3 Kf8 35. Rc7 a6 36. Rxf7+ Kg8 37. Re7 Rf8 38. Nxe6 Rc8 39.
Rxg7+ Kh8 40. Rc7 Re8 41. Rc6 Ne4 42. g4 1-0

[Event "Detroit (MI Op/1a/27)"]
[Site "?"]
[Date "1994.??.??"]
[Round "?"]
[White "McCarter, Robert"]
[Black "Harris, T."]
[Result "1/2-1/2"]
[WhiteElo "1735"]
[BlackElo "2000"]
[PlyCount "75"]
[EventDate "1994.??.??"]

1. d4 d5 2. Nf3 Nf6 3. Bf4 e6 4. e3 Bd6 5. Bg3 O-O 6. Bd3 c5 7. c3 Nc6 8. Nbd2
cxd4 9. exd4 Ne7 10. Bxd6 Qxd6 11. Ne5 Ng6 12. Ndf3 Nf4 13. Bf1 Ne4 14. g3 Ng6
15. Bd3 Nxe5 16. Nxe5 f6 17. Nf3 Bd7 18. O-O Rac8 19. Rc1 Be8 20. Re1 f5 21.
Ne5 Qe7 22. Qe2 Qf6 23. Kg2 Qh6 24. f4 Kh8 25. Qe3 Nf6 26. Be2 Bh5 27. Bf3
Bxf3+ 28. Qxf3 g5 29. fxg5 Qxg5 30. Qf4 Qg7 31. Nf3 Ne4 32. Ne5 b5 33. a3 a6
34. Kh1 Rf6 35. Re2 Rff8 36. Rg2 Rf6 37. Rcc2 Rff8 38. Rc1 1/2-1/2

[Event "Grand Rapids (MI Am/1/25)"]
[Site "?"]
[Date "1994.??.??"]
[Round "?"]
[White "McCarter, Robert"]
[Black "Fowler, B."]
[Result "1-0"]
[WhiteElo "1700"]
[BlackElo "1605"]
[PlyCount "99"]
[EventDate "1994.??.??"]

{1/(25)} 1. d4 Nf6 2. Nf3 d5 3. Bf4 e6 4. e3 c5 5. c3 Nbd7 6. Nbd2 cxd4 7. cxd4
Bb4 8. Bd3 O-O 9. O-O h6 10. h3 Bxd2 11. Nxd2 Re8 12. Nf3 Nf8 13. Rc1 Bd7 14.
Ne5 Nh5 15. Qxh5 Qe7 16. Nxd7 Nxd7 17. Rc7 Nf6 18. Qe2 Qb4 19. Rfc1 Ne4 20.
Bxe4 dxe4 21. Qc2 f5 22. Be5 Re7 23. Rxe7 Qxe7 24. Qb3 Rd8 25. Rc7 Rd7 26. Qxb7
Rxc7 27. Qxc7 Qxc7 28. Bxc7 Kf7 29. Kf1 g5 30. b4 h5 31. a4 Ke7 32. Ke2 h4 33.
g3 f4 34. gxh4 f3+ 35. Kd2 gxh4 36. Bf4 Kf6 37. Kc3 a6 38. Kc4 Kf5 39. Kc5 Kf6
40. Kb6 Kf5 41. Kxa6 Kf6 42. b5 Kf5 43. b6 Kf6 44. b7 Kf5 45. b8=Q Kf6 46. Qf8+
Kg6 47. Kb6 Kh7 48. Kc6 Kg6 49. Kd6 Kh5 50. Qh6# 1-0

[Event "Detroit (Class B/3/16)"]
[Site "?"]
[Date "1994.??.??"]
[Round "?"]
[White "McCarter, Robert"]
[Black "Choyke, J."]
[Result "1/2-1/2"]
[WhiteElo "1700"]
[BlackElo "1625"]
[PlyCount "79"]
[EventDate "1994.??.??"]

{3/(16)} 1. d4 Nc6 2. Nf3 d6 3. Bf4 Bg4 4. e3 e6 5. h3 Bh5 6. Be2 Nf6 7. Nbd2
Be7 8. O-O O-O 9. c4 d5 10. a3 Bd6 11. Bxd6 Qxd6 12. c5 Qd8 13. b4 Ne7 14. Ne5
Bxe2 15. Qxe2 c6 16. Rab1 Nd7 17. Nxd7 Qxd7 18. b5 Rfb8 19. Nf3 f6 20. Rb3 Qc8
21. Rfb1 g6 22. Qb2 h5 23. bxc6 Nxc6 24. Rxb7 Rxb7 25. Qxb7 Rb8 26. Qxc8+ Rxc8
27. Rb5 Rb8 28. Rxb8+ Nxb8 29. Nd2 Nc6 30. Nb3 Kf7 31. Kf1 a5 32. a4 g5 33. f3
h4 34. Ke2 f5 35. Kd2 f4 36. exf4 gxf4 37. Kc3 Kf6 38. Nc1 Kg5 39. Nd3 Kf5 40.
Nc1 1/2-1/2

[Event "Grand Rapids (MI Am/5/3)"]
[Site "?"]
[Date "1994.??.??"]
[Round "?"]
[White "McCarter, Robert"]
[Black "Brattin, Vincent"]
[Result "1/2-1/2"]
[WhiteElo "1700"]
[BlackElo "1965"]
[PlyCount "103"]
[EventDate "1994.??.??"]

{5/(3)} 1. d4 d5 2. Nf3 Nf6 3. Bf4 c6 4. c3 Bf5 5. e3 e6 6. Bd3 Bxd3 7. Qxd3 h6
8. Nbd2 Be7 9. h3 Qb6 10. Rb1 Nbd7 11. O-O c5 12. Qc2 O-O 13. Ne5 Rac8 14. Qa4
Nxe5 15. Bxe5 Rc6 16. Rfc1 Nd7 17. Bh2 Rfc8 18. Qd1 Qa6 19. a4 b5 20. axb5 Qxb5
21. Ra1 a5 22. Nf3 Ra6 23. Qa4 Qb7 24. Ne5 Nxe5 25. Bxe5 c4 26. Qc2 Rb6 27.
Rxa5 Rxb2 28. Qa4 Bf6 29. Bd6 Qc6 30. Qxc6 Rxc6 31. Ra8+ Kh7 32. Bb4 Rc7 33.
Rca1 Be7 34. Bxe7 Rxe7 35. R8a2 Reb7 36. Rxb2 Rxb2 37. Rc1 Kg6 38. f3 Re2 39.
e4 dxe4 40. fxe4 Rxe4 41. Kf2 Kf5 42. g3 Kg6 43. Kf3 f5 44. Rb1 e5 45. Rb6+ Kf7
46. dxe5 Rxe5 47. Rc6 Re4 48. g4 g6 49. gxf5 gxf5 50. Rxh6 Kg7 51. Rc6 Rh4 52.
Kg3 1/2-1/2

[Event "Eastpointe (US Am N/2/10)"]
[Site "?"]
[Date "1994.??.??"]
[Round "?"]
[White "McCarter, Robert"]
[Black "Ball, Ed"]
[Result "0-1"]
[WhiteElo "1700"]
[BlackElo "1995"]
[PlyCount "78"]
[EventDate "1994.??.??"]

{2/(10)} 1. d4 Nf6 2. Nf3 g6 3. Bf4 Bg7 4. e3 O-O 5. Be2 d6 6. h3 c6 7. c4 Nbd7
8. Nc3 c5 9. d5 a6 10. a4 Qa5 11. O-O Nh5 12. Rc1 Nxf4 13. exf4 Nb6 14. Qb3 Bd7
15. Ne4 Bxa4 16. Qa3 Qb4 17. Qxb4 cxb4 18. c5 Nxd5 19. cxd6 Nxf4 20. Bd1 Bxd1
21. Rcxd1 exd6 22. b3 d5 23. Nc5 b5 24. h4 Rfc8 25. Nd7 Rc3 26. Nd4 Bxd4 27.
Rxd4 Ne2+ 28. Kh2 Nxd4 29. Rd1 Nxb3 30. Rxd5 Kg7 31. Ne5 Rc5 32. Rd3 Rxe5 33.
Rxb3 a5 34. f3 Rc8 35. g4 Re2+ 36. Kg3 Rc3 37. Rb1 b3 38. Ra1 Ra2 39. Rd1 b2
0-1

[Event "Ann Arbor (HVA/3/3)"]
[Site "?"]
[Date "1994.??.??"]
[Round "?"]
[White "McCarter, Robert"]
[Black "Alliston, Richard"]
[Result "0-1"]
[WhiteElo "1725"]
[BlackElo "1610"]
[PlyCount "130"]
[EventDate "1994.??.??"]

{3/(3)} 1. d4 d5 2. Nf3 e6 3. Bf4 Nf6 4. e3 Nbd7 5. Bd3 Be7 6. Ne5 g6 7. Nd2
Nh5 8. Bh6 Bf6 9. Ndf3 Nxe5 10. Nxe5 Qd6 11. Ng4 e5 12. Nxf6+ Qxf6 13. dxe5
Qxe5 14. c3 Ng7 15. Qe2 O-O 16. O-O-O Re8 17. Bf4 Qe7 18. h4 Nh5 19. Bh6 Be6
20. g4 Ng7 21. Qf3 c6 22. Bg5 Qd7 23. Rdg1 f5 24. gxf5 Bxf5 25. Bxf5 Qxf5 26.
Qxf5 Nxf5 27. h5 Re6 28. Bf4 Rae8 29. Rg5 R8e7 30. Rhg1 Rg7 31. hxg6 Rexg6 32.
Rxg6 Rxg6 33. Rxg6+ hxg6 34. Kd2 Kf7 35. Kd3 Ke6 36. Bg5 Ke5 37. f4+ Ke6 38. e4
dxe4+ 39. Kxe4 Nd6+ 40. Kd4 Kf5 41. Bd8 Ne4 42. Bc7 Nf6 43. c4 Nh5 44. Ke3 Nf6
45. Bb8 a6 46. Be5 Ng4+ 47. Kd4 Nxe5 48. fxe5 Ke6 49. Ke4 g5 50. b4 b6 51. a4
b5 52. cxb5 cxb5 53. axb5 axb5 54. Kd4 g4 55. Kc5 g3 56. Kxb5 g2 57. Ka6 g1=Q
58. b5 Qa1+ 59. Kb7 Qxe5 60. b6 Kd7 61. Ka7 Qc5 62. Kb7 Qc6+ 63. Ka7 Kc8 64.
Ka6 Qb7+ 65. Ka5 Kd7 0-1

[Event "Detroit (MI Op/1a/10)"]
[Site "?"]
[Date "1994.??.??"]
[Round "?"]
[White "Mazuchowski, Tom"]
[Black "Wisckol, Richard"]
[Result "1-0"]
[WhiteElo "2195"]
[BlackElo "1895"]
[PlyCount "107"]
[EventDate "1994.??.??"]

1. e4 c5 2. c3 Nf6 3. d3 e6 4. f4 d5 5. e5 Nfd7 6. Nf3 Nc6 7. g3 Be7 8. Bg2 O-O
9. O-O f6 10. Qe2 Qc7 11. exf6 Nxf6 12. Na3 a6 13. Nc2 Bd7 14. Ng5 e5 15. Ne3
Qd6 16. fxe5 Nxe5 17. Nf5 Bxf5 18. Rxf5 Ng6 19. Qe6+ Qxe6 20. Nxe6 Rfc8 21. Bg5
Kh8 22. Re1 Rab8 23. Bxd5 b5 24. Nf4 Nxd5 25. Nxg6+ hxg6 26. Rxd5 Bxg5 27. Rxg5
Rb6 28. Rd5 Rf6 29. Rf1 Re6 30. Kg2 Kg8 31. Rf2 a5 32. Kf1 a4 33. Re2 Rf6+ 34.
Ke1 Rc7 35. Rde5 b4 36. Re7 Rxe7 37. Rxe7 bxc3 38. bxc3 Rb6 39. Re2 a3 40. d4
cxd4 41. cxd4 Kf7 42. Rd2 Ke6 43. Ke2 Rb2 44. Kd3 Rb7 45. Rc2 Kd6 46. Rc3 Rb2
47. Rxa3 Rxh2 48. Ra6+ Kd5 49. Rxg6 Rxa2 50. Rg5+ Ke6 51. Rxg7 Kf6 52. Rg8 Kf7
53. Rg4 Kf6 54. Ke4 1-0